Sochár svetového mena 130. rokov od narodenia Viktora Tilgnera

Bibliographic Details
Main Author: Kutlík, F. (Author)
Format: Article
Language:Slovak
Subjects:

MARC

LEADER 00000nab a2200000 ar4500
001 vtls010071045
003 SK-MaSNL
005 20260303050833.0
008 100303c1974 xo |r|p|||||||000 b|slo
015 |a SNBRB1974 
038 |a SNKBUCL 
040 |a SNKBUCL  |b slo  |c SNKBUCL  |e AACR2 
041 |a slo 
044 |a xo  |c SK 
080 |a 730.071.1  |2 1997 
100 1 |a Kutlík, F.  |4 aut  |9 920971 
245 1 0 |a Sochár svetového mena  |b 130. rokov od narodenia Viktora Tilgnera  |c F. Kutlík 
600 1 7 |a Tilgner, Viktor Oskar,  |d 1844-1896  |2 snkbucl  |9 168895 
655 7 |a profily  |2 snkbucl  |9 341977 
773 0 |t Hlas ľudu  |g (24.10.1974), s. 2 
852 |a SNK  |b KIS3GCP 
958 |a BX 
999 |c 1709113  |d 1711043